Score 0/24 Timer 06:00
7 Plays Today
Cut Off At 'P' TV Show % Correct
MISSION: IMPOSSIBLE
98.3%
THE ODD COUPLE
97.5%
21 JUMP STREET
96.8%
LOST IN SPACE
96.3%
BUFFY THE VAMPIRE SLAYER
96.2%
THREE'S COMPANY
95.9%
ARRESTED DEVELOPMENT
95.5%
THE FRESH PRINCE OF BEL AIR
95.2%
LITTLE HOUSE ON THE PRAIRIE
94.1%
SOUTHPARK
94%
TWINPEAKS
92.5%
HOME IMPROVEMENT
92.2%
Cut Off At 'P' TV Show % Correct
GROWING PAINS
91.9%
THE SIMPSONS
91.8%
GOSSIP GIRL
91.6%
IT'S ALWAYS SUNNY IN PHILADELPHIA
90.4%
THE FAIRLY ODDPARENTS
85.6%
THE SOPRANOS
74.6%
SILVER SPOONS
71.1%
GOMERPYLE, U.S.M.C
65.9%
MONTYPYTHON'S FLYING CIRCUS
59.7%
WKRP IN CINCINNATI
58.3%
CLARISSA EXPLAINS IT ALL
56.8%
H.R. PUFNSTUF
38.8%

You're not logged in!

Compare scores with friends on all Sporcle quizzes.
OR
Log In

Sporcle TV

Today on Sporcle TV


Watch our educational content, quiz creation guides, and fun videos on Sporcle TV.

Show Comments

Extras

Top Quizzes Today


Score Distribution

Paid Content

Your Account Isn't Verified!

In order to create a playlist on Sporcle, you need to verify the email address you used during registration. Go to your Sporcle Settings to finish the process.

Report this User

Report this user for behavior that violates our Community Guidelines.

Details: